000
00349nam a2200169Ia 4500
100
_a
Everest/Graham
650
_a
Number theory
942
_c
BK
366
_f
20
654
_a
number theory
245
_a
Introduction to number theory
260
_b
Springer
_c
1963
082
_a
519
_b
EVE
300
_a
294
546
_a
ENGLISH
999
_c
26008
_d
26008